[Event "Challenge"]
[Site "http://www.queenalice.com/game.php?id=1791386"]
[Date "2022.6.23"]
[Round "-"]
[White "Mikalus"]
[Black "BigWally"]
[Result "1-0"]
[WhiteElo "1943"]
[BlackElo "1574"]

1. e4 e5 2. Nf3 Bd6 3. b3 Nf6 4. Bb2 Nxe4 5. d4 exd4 6. Bxd4 O-O 7. Bd3 Nc5 8.
O-O Nxd3 9. Qxd3 c5 10. Bxg7 Kxg7 11. Qxd6 b6 12. Nc3 Ba6 13. Rfe1 Nc6 14. Ne5
Nxe5 15. Qxe5+ Kg8 16. Qg3+ Kh8 17. Ne4 d5 18. Nd6 f5 19. Qe5+ Kg8 20. Re3 Bc8
21. Rg3+ Qg5 22. Rxg5# 1-0

[Event "Challenge"]
[Site "http://www.queenalice.com/game.php?id=1793205"]
[Date "2022.7.25"]
[Round "-"]
[White "BigWally"]
[Black "Mikalus"]
[Result "0-1"]
[WhiteElo "1572"]
[BlackElo "1951"]

1. e4 c5 2. Nf3 Nc6 3. Bc4 e6 4. e5 Nge7 5. d4 cxd4 6. Nxd4 Nxd4 7. Qxd4 Nc6 8.
Qe3 Be7 9. O-O O-O 10. a3 a6 11. b4 b5 12. Bb3 Bb7 13. c4 bxc4 14. Bxc4 Qc7 15.
Bb2 Rad8 16. b5 axb5 17. Bxb5 Qa5 18. Bc4 Bc5 19. Qe2 Nd4 20. Qd2 Qb6 21. Bxd4
Bxd4 22. Nc3 Bxe5 23. Nb5 Bxa1 24. Rxa1 d5 25. Bd3 Ba6 26. Qb2 Qa5 27. Qb4 Qb6
28. a4 Ra8 29. a5 Qd8 30. Rc1 Qg5 31. Ra1 Rfb8 32. g3 d4 33. h4 Rxb5 34. Bxb5
Qxb5 35. Qxd4 h6 36. Kh2 Qe2 37. Kg1 Qf3 38. Qd1 Be2 39. Qe1 Qg4 40. Ra2 Bf3 41.
a6 Qh3 42. Qf1 Qh1# 0-1

[Event "Challenge"]
[Site "http://www.queenalice.com/game.php?id=1797440"]
[Date "2022.10.4"]
[Round "-"]
[White "Mikalus"]
[Black "BigWally"]
[Result "1-0"]
[WhiteElo "1979"]
[BlackElo "1570"]

1. e4 e5 2. Nf3 Nc6 3. Bc4 Na5 4. Qe2 d6 5. Nc3 Qe7 6. Nd5 Qd8 7. O-O Bg4 8. d3
Bxf3 9. Qxf3 c6 10. Nc3 Nxc4 11. dxc4 Nf6 12. Rd1 Be7 13. Bg5 O-O 14. Rd2 a6 15.
Rad1 h6 16. Bh4 Qd7 17. b4 a5 18. c5 axb4 19. cxd6 Bd8 20. Ne2 Rxa2 21. Bxf6
Bxf6 22. Qb3 Ra5 23. Qxb4 Rb5 24. Qa4 Bg5 25. Rd3 Bd8 26. c4 Ra5 27. Qb4 c5 28.
Qb2 Bf6 29. Rd5 Rfa8 30. Ng3 g6 31. Qe2 Ra1 32. h3 Rxd1+ 33. Qxd1 b6 34. Qb3
Ra1+ 35. Kh2 Bh4 36. Qxb6 Bxg3+ 37. fxg3 f6 38. Qxc5 Re1 39. Qc7 Qxc7 40. dxc7
1-0

[Event "Challenge"]
[Site "http://www.queenalice.com/game.php?id=1802164"]
[Date "2022.12.17"]
[Round "-"]
[White "BigWally"]
[Black "Mikalus"]
[Result "0-1"]
[WhiteElo "1577"]
[BlackElo "1928"]

1. e4 c5 2. Nc3 Nc6 3. Nf3 e6 4. d4 cxd4 5. Nxd4 Nf6 6. Nxc6 bxc6 7. e5 Nd5 8.
Nxd5 cxd5 9. Bd3 a5 10. a4 Ba6 11. O-O Be7 12. Qe2 Bxd3 13. Qxd3 O-O 14. c3 d6
15. exd6 Bxd6 16. Qh3 Qf6 17. Be3 Rfb8 18. Rab1 Be5 19. Rfc1 d4 20. cxd4 Bxd4
21. Bxd4 Qxd4 22. Qc3 Qb4 23. Ra1 Qxb2 24. Qc6 Qb6 25. Qxb6 Rxb6 26. g3 g6 27.
Kg2 Kg7 28. Rc4 Ra7 29. Ra2 h5 30. h4 f5 31. f3 Kf6 32. f4 Rd7 33. Rc5 Rd5 34.
Rxd5 exd5 35. Rd2 Ke6 36. Re2+ Kd7 37. Rd2 Kd6 38. Rd4 Rb4 39. Rd3 Rxa4 0-1

[Event "Challenge"]
[Site "http://www.queenalice.com/game.php?id=1807054"]
[Date "2023.3.1"]
[Round "-"]
[White "Mikalus"]
[Black "BigWally"]
[Result "0-1"]
[WhiteElo "1909"]
[BlackElo "1575"]

1. e4 e5 2. Nf3 Nc6 3. Bc4 Bc5 4. O-O Nf6 5. c3 Nxe4 6. d4 d5 7. Bb5 exd4 8.
Bxc6+ bxc6 9. cxd4 Bd6 10. Re1 O-O 11. Nc3 Nxc3 12. bxc3 Re8 13. h3 Rxe1+ 14.
Qxe1 Bf5 15. Ne5 Qe8 16. Bd2 f6 17. Nf3 Qxe1+ 18. Bxe1 Rb8 19. a4 Rb2 20. Nh4
Bb1 21. Nf3 Kf7 22. Bd2 Be4 23. Be1 h5 24. Nd2 Bd3 25. a5 g5 26. Nf1 c5 27. Ne3
c6 28. Nd1 Re2 29. Ne3 Kg7 30. Nf5+ Bxf5 0-1

[Event "Challenge"]
[Site "http://www.queenalice.com/game.php?id=1809166"]
[Date "2023.4.2"]
[Round "-"]
[White "BigWally"]
[Black "Mikalus"]
[Result "0-1"]
[WhiteElo "1604"]
[BlackElo "1897"]

1. e4 c5 2. Nf3 Nc6 3. Nc3 e6 4. Bc4 a6 5. d3 b5 6. Bb3 Nd4 7. Nxd4 cxd4 8. Ne2
e5 9. Bd5 Rb8 10. Ng3 d6 11. b4 Nf6 12. Bc6+ Bd7 13. Bxd7+ Qxd7 14. O-O Be7 15.
Nf5 O-O 16. Bg5 Bd8 17. Bxf6 Bxf6 18. Qg4 Qc8 19. Qg3 Qe6 20. a3 Rbc8 21. Rfc1
Rc3 22. h3 Rfc8 23. a4 bxa4 24. Rxa4 R3c6 25. Raa1 Kf8 26. b5 axb5 27. Kh2 g6
28. Nh4 Rxc2 29. Rxc2 Rxc2 30. Ra8+ Rc8 31. Rxc8+ Qxc8 32. Nf3 Kg7 33. Nd2 Qc3
34. Nf1 Qe1 35. Kg1 b4 36. Qg4 b3 37. Qg3 b2 0-1

[Event "a new beginning"]
[Site "http://www.queenalice.com/game.php?id=1812824"]
[Date "2023.5.30"]
[Round "-"]
[White "Mikalus"]
[Black "BigWally"]
[Result "0-1"]
[WhiteElo "1904"]
[BlackElo "1600"]

1. e4 d6 2. d4 Nf6 3. Nc3 Qd7 4. Nf3 Qg4 5. h3 Qe6 6. d5 Qd7 7. Bg5 c6 8. Bxf6
gxf6 9. Bc4 h5 10. Nh4 Qc7 11. Qd2 b5 12. Bb3 Bh6 13. Qe2 Bg5 14. Nf5 b4 15. Na4
Bxf5 16. exf5 Qd7 17. Qe4 O-O 18. c3 bxc3 19. Nxc3 Qb7 20. f4 Bh4+ 21. Kd1 cxd5
22. Qxd5 Nc6 23. Rg1 Qb6 24. Rf1 a5 25. Na4 Qd4+ 26. Qxd4 Nxd4 27. Bc2 Rfc8 28.
Be4 Rab8 29. b3 Rd8 30. Bd5 Nxf5 31. Kd2 Rdc8 32. Rfc1 Bg3 33. Rf1 Rb4 34. Bc4
Rxa4 35. Bxf7+ Kxf7 36. bxa4 Rc4 37. Rf3 Bxf4+ 38. Kd3 Rxa4 39. a3 Ng3 40. Kc2
Re4 41. a4 Rd4 42. Raa3 Ne2 0-1

[Event "Challenge"]
[Site "http://www.queenalice.com/game.php?id=1816461"]
[Date "2023.7.16"]
[Round "-"]
[White "BigWally"]
[Black "Mikalus"]
[Result "1-0"]
[WhiteElo "1628"]
[BlackElo "1845"]

1. e4 c5 2. Nc3 Nc6 3. Bb5 e6 4. Bxc6 bxc6 5. e5 d5 6. d4 cxd4 7. Qxd4 c5 8. Qd3
a5 9. a4 Ba6 10. Nb5 c4 11. Qd4 Ne7 12. Nf3 Ng6 13. c3 Be7 14. O-O Rc8 15. Be3
Bc5 16. Qg4 Bxe3 17. fxe3 O-O 18. Qg5 Qb6 19. Nfd4 Qb8 20. Rab1 Rc5 21. Nd6 Qc7
22. Qg4 f6 23. Nxe6 Qe7 24. Nxc5 Nxe5 25. Qe6+ Qxe6 26. Nxe6 Rb8 27. Nc7 Bc8 28.
b4 cxb3 29. Nxd5 Ba6 30. Rfd1 Bd3 31. Rb2 h6 32. Nf4 Bc2 33. Rd4 Nc6 34. Rc4 Ne5
35. Rc5 Ra8 36. Rc7 Rd8 37. Rc8 1-0

[Event "Challenge"]
[Site "http://www.queenalice.com/game.php?id=1817817"]
[Date "2023.8.1"]
[Round "-"]
[White "WLAO"]
[Black "BigWally"]
[Result "0-1"]
[WhiteElo "1476"]
[BlackElo "1653"]

1. e4 e5 2. Nf3 Nc6 3. d3 Nf6 4. Bg5 b5 5. b3 b4 6. Be2 h6 7. Bh4 g5 8. Bg3 Bc5
9. O-O Nd4 10. Nxe5 d6 11. Nxf7 Kxf7 12. c4 a5 13. a4 h5 14. e5 Ng4 15. Bxg4
Bxg4 16. Qd2 Nxb3 17. Qb2 Nxa1 18. Qxa1 h4 19. Bxh4 gxh4 20. d4 Bb6 21. exd6
cxd6 22. d5 h3 23. Nd2 hxg2 24. Kxg2 Bh3+ 25. Kh1 Bxf1 26. Qxf1 Qh4 27. Qe2
Qxh2# 0-1

[Event "Challenge"]
[Site "http://www.queenalice.com/game.php?id=1820574"]
[Date "2023.9.9"]
[Round "-"]
[White "Mikalus"]
[Black "BigWally"]
[Result "1-0"]
[WhiteElo "1861"]
[BlackElo "1662"]

1. e4 e5 2. Nf3 Nf6 3. Nc3 Nc6 4. b3 Bb4 5. Bb2 Bxc3 6. Bxc3 Nxe4 7. Bxe5 Nxe5
8. Nxe5 Nxf2 9. Qf3 f6 10. Bc4 Nxh1 11. O-O-O Qe7 12. Nd3 d6 13. Re1 Be6 14.
Rxe6 Qxe6 15. Bxe6 h5 16. Qf1 Ke7 17. Bc4 Ng3 18. hxg3 h4 19. Qe2+ Kd8 20. gxh4
Rxh4 21. Qe6 Rh1+ 22. Kb2 Rh8 23. Qf7 g5 24. Be6 Re8 25. Qd7# 1-0

[Event "Challenge"]
[Site "http://www.queenalice.com/game.php?id=1823142"]
[Date "2023.10.17"]
[Round "-"]
[White "BigWally"]
[Black "Mikalus"]
[Result "0-1"]
[WhiteElo "1654"]
[BlackElo "1815"]

1. c4 e6 2. e4 c5 3. Bd3 Nc6 4. Nf3 Nf6 5. O-O Ng4 6. h3 Nge5 7. Nxe5 Nxe5 8.
Be2 Be7 9. Nc3 O-O 10. b3 b6 11. a4 Bb7 12. Bb2 Bf6 13. d3 Ng6 14. Qd2 Qe7 15.
a5 Bd4 16. Nb5 Bxb2 17. Qxb2 a6 18. Nc7 Rac8 19. axb6 d6 20. Nxa6 Rc6 21. Nxc5
dxc5 22. d4 Rxb6 23. d5 exd5 24. exd5 Qg5 25. Bg4 Bc8 26. Qc1 Qf6 27. Qe3 Bxg4
28. hxg4 Qd4 29. Qf3 Rfb8 30. Rab1 Ne5 31. Qe2 Nxg4 32. Rfd1 Qf4 33. g3 Qg5 34.
d6 Qh6 35. Qxg4 Rxd6 36. Rxd6 Qxd6 37. Kg2 Qc6+ 38. Qf3 Qg6 39. Rd1 h6 40. Rd5
Rc8 41. Qe3 Qb6 42. Re5 Qc6+ 43. Re4 f5 44. Kf3 fxe4+ 45. Qxe4 Qxe4+ 46. Kxe4
Rb8 0-1

[Event "Challenge"]
[Site "http://www.queenalice.com/game.php?id=1827169"]
[Date "2023.12.13"]
[Round "-"]
[White "Mikalus"]
[Black "BigWally"]
[Result "1-0"]
[WhiteElo "1831"]
[BlackElo "1644"]

1. d4 d5 2. Nf3 Nf6 3. e3 Bg4 4. Be2 Bxf3 5. Bxf3 e6 6. O-O Bd6 7. b3 Nc6 8. Bb2
O-O 9. Nd2 a5 10. c4 Nb4 11. a4 b6 12. e4 Nd3 13. Bc3 Nf4 14. e5 Bxe5 15. dxe5
Nd7 16. cxd5 exd5 17. Bg4 Nc5 18. Nf3 Ne4 19. Bd4 Ng5 20. Qd2 Nxf3+ 21. Bxf3 Ne6
22. Rac1 c5 23. Be3 Rc8 24. Be2 Ra8 25. Bb5 d4 26. Bf4 Qh4 27. Bg3 Qh5 28. Rfe1
Qf5 29. Qc2 Qg5 30. Re4 Rad8 31. Rh4 h6 32. Rf1 f5 33. f4 Qg6 34. Be1 Kh8 35.
Bd2 d3 36. Bxd3 Nd4 37. Qb1 Ne2+ 38. Bxe2 Rxd2 39. Bf3 Rfd8 40. Rd1 R8d3 41.
Rxd2 Rxd2 42. Qe1 Rb2 43. Qc1 Rxb3 44. Rh3 b5 45. Bh5 Qc6 46. Rxb3 bxa4 47. Ra3
1-0

[Event "Challenge"]
[Site "http://www.queenalice.com/game.php?id=1831337"]
[Date "2024.2.11"]
[Round "-"]
[White "BigWally"]
[Black "Mikalus"]
[Result "0-1"]
[WhiteElo "1635"]
[BlackElo "1940"]

1. e4 c5 2. Nc3 e6 3. d3 Nc6 4. Nf3 Nf6 5. e5 Ng4 6. Qe2 d6 7. exd6 Bxd6 8. h3
Nge5 9. Bf4 Nxf3+ 10. Qxf3 Nd4 11. Qd1 Bxf4 12. Be2 Nxe2 13. Qxe2 Qg5 14. Rd1
O-O 15. O-O b6 16. Ne4 Qh6 17. c4 Bb7 18. Nd6 Bxd6 19. Qg4 f5 20. Qe2 Rae8 21.
Qc2 Qg5 22. h4 Qxg2# 0-1

[Event "Challenge"]
[Site "http://www.queenalice.com/game.php?id=1833317"]
[Date "2024.3.12"]
[Round "-"]
[White "Mikalus"]
[Black "BigWally"]
[Result "1-0"]
[WhiteElo "1899"]
[BlackElo "1631"]

1. d4 d5 2. e3 Nf6 3. Nf3 e6 4. Bd3 Bb4+ 5. c3 Bd6 6. O-O O-O 7. Re1 c5 8. e4
dxe4 9. Bxe4 cxd4 10. cxd4 Re8 11. Qc2 Nxe4 12. Qxe4 Rf8 13. Nc3 Nc6 14. Nb5 Bb4
15. Rd1 f5 16. Qd3 a6 17. Nc3 Bxc3 18. bxc3 b5 19. Bg5 Qd7 20. Qe3 h6 21. Bf4
Qd5 22. Ne5 Nxe5 23. Bxe5 Bb7 24. Qg3 g5 25. Qh3 Rac8 26. f3 Rxc3 27. Qxh6 Kf7
28. Qf6+ Ke8 29. Qxg5 Qd7 30. Qg6+ Qf7 31. Qg3 Rg8 32. Qh4 Qg6 33. g3 Rxf3 34.
Rac1 b4 35. Rc7 Bd5 36. Qe7# 1-0

[Event "Challenge"]
[Site "http://www.queenalice.com/game.php?id=1836209"]
[Date "2024.5.3"]
[Round "-"]
[White "BigWally"]
[Black "Mikalus"]
[Result "0-1"]
[WhiteElo "1626"]
[BlackElo "1924"]

1. e4 e6 2. d4 d5 3. exd5 exd5 4. Bd3 Nf6 5. Bg5 Be7 6. Bxf6 Bxf6 7. Nf3 O-O 8.
O-O Nc6 9. c3 Bg4 10. b4 a6 11. Be2 Qd7 12. h3 Bh5 13. Nfd2 Bxe2 14. Qxe2 Rae8
15. Qd1 Ne7 16. Nf3 Ng6 17. Re1 Rxe1+ 18. Qxe1 b6 19. a4 c6 20. a5 b5 21. Nbd2
Re8 22. Qd1 Qf5 23. Nb3 Nf4 24. Nc1 Qg6 25. Qf1 Nxh3+ 26. Kh1 Nf4 27. g3 Ne6 28.
Nd3 Qh5+ 29. Kg2 h6 30. Re1 Kf8 31. Qe2 Nc7 32. Qf1 Ne6 33. Nc5 Nxc5 34. bxc5
Be7 35. Ne5 Rc8 36. Nd7+ Ke8 37. Ne5 Qf5 38. Qe2 Qe6 39. Qg4 Qxg4 40. Nxg4 Kf8
41. Ne5 g6 42. Ng4 h5 43. Ne5 Bd8 44. Re3 Kg7 45. Rf3 Rc7 46. Nd3 f6 47. Nb4 Rc8
48. Nxa6 Bxa5 49. Re3 Kf7 50. Nb4 g5 51. f3 Bxb4 52. cxb4 Ra8 53. Re2 f5 54. g4
fxg4 55. fxg4 h4 56. Rf2+ Kg6 57. Kh3 Ra3+ 58. Kg2 Rg3+ 59. Kf1 Rxg4 60. Rg2
Rxd4 0-1

[Event "La Belle Epoch"]
[Site "http://www.queenalice.com/game.php?id=1840884"]
[Date "2024.7.25"]
[Round "-"]
[White "Mikalus"]
[Black "BigWally"]
[Result "1-0"]
[WhiteElo "1898"]
[BlackElo "1622"]

1. d4 d5 2. Nf3 Nf6 3. e3 e6 4. Bd3 Nc6 5. b3 Bb4+ 6. Nbd2 Bxd2+ 7. Bxd2 O-O 8.
O-O a5 9. c4 dxc4 10. bxc4 a4 11. Qc2 h6 12. e4 Ng4 13. Bc3 a3 14. d5 exd5 15.
cxd5 Ne7 16. h3 Nf6 17. Bxf6 gxf6 18. Rfd1 Ng6 19. Re1 Ra5 20. Rad1 Nf4 21. Bc4
b5 22. Bb3 b4 23. Qd2 Qd6 24. e5 fxe5 25. Rxe5 Bb7 26. Qxf4 f6 27. Qg4+ Kh8 28.
Re6 Qd7 29. Nh4 Kh7 30. Qg6+ Kh8 31. Qxh6+ Qh7 32. Qxf8+ Qg8 33. Ng6+ Kh7 34.
Re7+ Kxg6 35. Qxg8+ Kf5 36. Qg4# 1-0

[Event "Challenge"]
[Site "http://www.queenalice.com/game.php?id=1843285"]
[Date "2024.9.6"]
[Round "-"]
[White "BigWally"]
[Black "Mikalus"]
[Result "0-1"]
[WhiteElo "1617"]
[BlackElo "1888"]

1. e4 c5 2. d4 cxd4 3. Qxd4 Nc6 4. Qc3 e5 5. Nf3 Bb4 6. Qxb4 Nxb4 7. Bd3 Nf6 8.
O-O b6 9. a3 Nxd3 10. cxd3 Ba6 11. Nxe5 d6 12. Nc6 Qc7 13. Bg5 Qxc6 14. Rd1 O-O
15. Nc3 h6 16. Bxf6 gxf6 17. b4 Qxc3 0-1

[Event "Challenge"]
[Site "http://www.queenalice.com/game.php?id=1844522"]
[Date "2024.9.30"]
[Round "-"]
[White "Mikalus"]
[Black "BigWally"]
[Result "1-0"]
[WhiteElo "1895"]
[BlackElo "1631"]

1. d4 d5 2. Nf3 Nf6 3. e3 c6 4. Bd3 Ng4 5. O-O e6 6. b3 Be7 7. Bb2 Nd7 8. Nbd2
b5 9. c4 bxc4 10. bxc4 dxc4 11. Nxc4 Ba6 12. Ba3 Bxa3 13. Nxa3 O-O 14. Bxa6 Rb8
15. Qe2 c5 16. Rfd1 Qa5 17. Qd3 Rb6 18. Bc4 e5 19. h3 e4 20. Qxe4 Ndf6 21. Qd3
Rb7 22. hxg4 Nxg4 23. Rab1 Rd7 24. Ng5 g6 25. Nc2 Qc7 26. g3 a5 27. Ba6 Qa7 28.
Bb5 Rd5 29. Nf3 Qc7 30. Bc4 Rf5 31. Qe2 Qd6 32. Bd3 Rf6 33. Nh2 Nxf2 34. Qxf2
Rxf2 35. Kxf2 cxd4 36. Nxd4 Re8 37. Nhf3 Qd5 38. a4 Qd7 39. Bb5 1-0

[Event "Challenge"]
[Site "http://www.queenalice.com/game.php?id=1847661"]
[Date "2024.11.23"]
[Round "-"]
[White "BigWally"]
[Black "Mikalus"]
[Result "0-1"]
[WhiteElo "1643"]
[BlackElo "1905"]

1. e4 c5 2. Nc3 Nc6 3. Nf3 e6 4. Bb5 b6 5. e5 Bb7 6. d4 cxd4 7. Nxd4 Bc5 8. Nxc6
dxc6 9. Qxd8+ Rxd8 10. Bd3 h6 11. O-O Ne7 12. Ne4 O-O 13. a4 Bd4 14. Nd6 Ba8 15.
Nc4 Ng6 16. Bxg6 fxg6 17. Be3 Bxe3 18. Nxe3 a6 19. a5 b5 20. b4 Rd2 21. Rad1
Rfd8 22. c4 Rxd1 23. Nxd1 Rd4 24. Nb2 bxc4 25. Nd1 Rd5 26. Ne3 Rxe5 27. Nxc4 Rd5
28. Nb6 Rd8 29. Re1 Kf7 30. g4 g5 31. h3 Bb7 32. Rf1 e5 33. f3 Kf6 34. Nc4 Rd4
35. Nb6 Rxb4 36. Nd7+ Ke6 37. Nc5+ Kf6 38. Nd7+ Ke6 39. Nf8+ Kf7 40. Nd7 Rb5 41.
Re1 Rxa5 42. Nxe5+ Kg8 43. Kf1 c5 44. Kf2 Bd5 45. Rd1 c4 46. Rc1 Ra4 47. Rd1 c3
48. Rxd5 c2 49. Rc5 Ra2 50. Kg3 Ra5 51. Rxc2 Rxe5 52. Rc8+ Kh7 53. Ra8 a5 54. f4
gxf4+ 55. Kxf4 Rb5 56. Kg3 Kg6 57. Kf3 Rb3+ 58. Ke4 Rb4+ 59. Kd3 Ra4 60. Kc3
Ra3+ 61. Kb2 Rxh3 62. Rxa5 Rg3 63. Ra6+ Kh7 64. Ra4 Rh3 65. Kc2 h5 66. g5 Rg3
67. Ra5 Kg6 68. Kd2 Rxg5 69. Ra6+ Kh7 70. Ke2 Rf5 71. Ke3 g6 0-1

[Event "southbound"]
[Site "http://www.queenalice.com/game.php?id=1852061"]
[Date "2025.2.12"]
[Round "-"]
[White "Mikalus"]
[Black "BigWally"]
[Result "1-0"]
[WhiteElo "1893"]
[BlackElo "1637"]

1. d4 d5 2. e3 c6 3. c4 Nf6 4. Nf3 Bg4 5. Be2 Ne4 6. Nbd2 Qa5 7. O-O e6 8. a3
Bxf3 9. Bxf3 Nxd2 10. Bxd2 Qc7 11. c5 b5 12. b4 Be7 13. Bc3 O-O 14. Re1 Bg5 15.
e4 Nd7 16. Bd2 Bxd2 17. Qxd2 e5 18. exd5 e4 19. Bxe4 Nf6 20. Bf3 cxd5 21. Qg5 a5
22. Bxd5 Nxd5 23. Qxd5 axb4 24. axb4 Rad8 25. Qe4 g6 26. d5 Qc8 27. Red1 Rde8
28. Qf3 Rd8 29. Rac1 Qa8 30. Ra1 Qc8 31. c6 Rd6 32. h3 h5 33. Ra7 g5 34. Qxh5
Qf5 35. Qg4 Qc2 36. Qxg5+ 1-0